Cases for contemporary strategy analysis

Αποθηκεύτηκε σε:
Λεπτομέρειες βιβλιογραφικής εγγραφής
Κύριος συγγραφέας: Neupert, Kent E.
Άλλοι συγγραφείς: Fry, Joseph N.
Μορφή: Βιβλίο
Γλώσσα:English
Δημοσίευση: Cambridge, Blackwell business, 1996
Θέματα:
Ετικέτες: Προσθήκη ετικέτας
Δεν υπάρχουν, Καταχωρήστε ετικέτα πρώτοι!

MARC

LEADER 00000nam a2200000 i 4500
001 1/64116
008 980804s1996 eng d
020 |a 1557869294 
035 |l 10029371 
040 |a GR-MY-UA  |b gre  |e aacr 
041 0 |a eng 
082 0 |a 658.4012 
100 1 |a Neupert, Kent E. 
245 1 0 |a Cases for contemporary strategy analysis /  |c Kent E. Neupert,Joeph N. Fry 
260 |b Cambridge,   |b Blackwell business,   |c 1996 
300 |a xxxiv,380 p. 
504 |a Includes bibliographical references and index 
650 0 0 |a Strategic planning  |v Case studies. 
650 0 0 |a Decision making  |x Case studies. 
700 1 |a Fry, Joseph N. 
852 |a INST  |b CHIOS  |e 19980804  |h 658.4012 NEU  |p 005200015938  |q 005200015938  |t BK  |y 0 
901 |a BIBL-1998-2 
909 |a Χ  |b 058256 
922 |a 2ΕΛΗ  |b 199807  |c ΤΔΕ  |d ΠΑΠΑΣΩΤΗΡΙΟΥ